[Event "BL2-N9899"]
[Site "Germany"]
[Date "1999.02.21"]
[Round "6.2"]
[White "Lipinsky, Fabian"]
[Black "Thinius, Marco"]
[Result "0-1"]
[WhiteElo "2390"]
[BlackElo "2335"]

1.d4 Nf6 2.c4 e6 3.Nf3 Bb4+ 4.Bd2 a5 5.g3 d5 6.Qc2 Nc6 7.Bg2 dxc4 8.Qxc4 Qd5
9.Qd3 O-O 10.O-O Rd8 11.Nc3 Qh5 12.Bg5 Be7 13.e3 e5 14.Qb5 a4 15.Bxf6 Bxf6
16.Nd5 Ra5 17.Nxf6+ gxf6 18.Qc4 Bg4 19.d5 Rdxd5 20.Nh4 Rd6 21.Qc3 Ra8 22.Rac1 Be6
23.Bf3 Qg5 24.Be4 Rad8 25.f4 exf4 26.exf4 Qg7 27.Nf3 f5 28.Bxc6 Qxc3 29.Rxc3 Rxc6
30.Rfc1 Rxc3 31.Rxc3 c6 32.b3 axb3 33.axb3 Rd1+ 34.Kf2 Bd5 35.Ne5 Rb1 36.Nc4 b5
37.Nd2 Rb2 38.Ke3 Kg7 39.Rd3 Kf6 40.Kd4 Rc2 41.h3 h5 42.h4 Ke6 43.Re3+ Kd6
44.Kd3 Rc1 45.Re8 b4 46.Rh8 Rc3+ 47.Ke2 Bxb3 48.Nxb3 Rxb3 49.Rxh5 Rxg3 50.Rxf5 b3
51.Kd2 c5 52.Kc1 c4 53.Rf6+ Kd5 54.Rxf7 c3 55.Rd7+ Ke4 56.Rd1 Rg2 57.Re1+ Kxf4
58.h5 Ra2 59.Rf1+ Ke5 60.Rg1 Kf6  0-1

[Event "Zuglo Hotel op"]
[Site "Budapest"]
[Date "1999.02.27"]
[Round "9"]
[White "Bognar, Csaba"]
[Black "Turzo, Attila"]
[Result "1/2-1/2"]
[WhiteElo "2216"]
[BlackElo "2314"]

1.d4 Nf6 2.c4 e6 3.Nf3 Bb4+ 4.Bd2 c5 5.Bxb4 cxb4 6.Nbd2 O-O 7.e3 d6 8.Bd3 Nc6
9.O-O e5 10.Qc2 Re8 11.Ne4 Bg4 12.dxe5 Nxe4 13.Bxe4 Bxf3 14.Bxf3 dxe5 15.Be4 g6
16.Qa4 Qb6 17.c5 Qxc5 18.Rac1 Qe7 19.Bxc6 bxc6 20.Rxc6 Rac8 21.Rfc1 Rxc6
22.Qxc6 Rd8 23.Qc2 Qe6 24.b3 Qd5 25.h3 Kg7 26.Qc5 Qxc5 27.Rxc5 Rd1+ 28.Kh2 Rd2
29.Ra5 Rxf2 30.Rxa7 Rc2 31.Ra4 f5 32.Rxb4 Rxa2 33.Rb7+ Kh6 34.Kg3 e4 35.Rc7 Rb2
36.Rc3 Kg5 37.h4+ Kh5 38.Kh3 Rb1 39.g3 Rh1+ 40.Kg2 Rd1 41.b4 Rb1 42.Kh3 Rxb4
43.Rc5 Kh6 44.g4 Rb3 45.gxf5 g5 46.Re5 Rxe3+ 47.Kg4 gxh4 48.Kxh4 Kg7 49.Kg5 h5
50.f6+ Kf7 51.Re7+ Kf8 52.Kxh5 Re1 53.Kg4 e3 54.Kf3 Rf1+ 55.Kxe3 Re1+ 56.Kf3 Rxe7
57.fxe7+ Kxe7  1/2-1/2

[Event "Alushta"]
[Site "Alushta"]
[Date "1999.03.04"]
[Round "2"]
[White "Atalik, Suat"]
[Black "Zubov, Alexander"]
[Result "1-0"]
[WhiteElo "2593"]
[BlackElo "2502"]

1.d4 Nf6 2.c4 e6 3.Nf3 Bb4+ 4.Bd2 a5 5.Nc3 d5 6.cxd5 exd5 7.Bg5 O-O 8.e3 h6
9.Bh4 g5 10.Bg3 Ne4 11.Nd2 c5 12.Ndxe4 cxd4 13.Qxd4 dxe4 14.Qxe4 Re8 15.Qc2 Nc6
16.Bc4 Qf6 17.O-O Bxc3 18.Qxc3 Qxc3 19.bxc3 Be6 20.Bxe6 Rxe6 21.Rab1 Rd8
22.Rxb7 Rd2 23.Ra1 Rc2 24.h4 Rxc3 25.h5 Rc5 26.a4 Rc4 27.Rb5 Re7 28.Rd1 Rxa4
29.Rc5 Re6 30.Rd6 Ne7 31.Be5 Rxd6 32.Bxd6 Re4 33.Rxa5 Re6 34.Ba3 Nc6 35.Ra8+ Kg7
36.Bb2+ f6 37.Ba3 f5 38.Bb2+ Kf7 39.Rh8 Ne7 40.Ba3 Ra6 41.Rh7+ Kg8 42.Rxe7 Rxa3
43.Re5 f4 44.exf4 gxf4 45.Rf5 f3 46.g3 Kg7 47.Kh2 Ra2 48.Rxf3 Ra5 49.g4 Ra4
50.Kg3 Rb4 51.Rd3 Rb7 52.f4 Rb5 53.Kf3  1-0

[Event "ISL-chT9899"]
[Site "Reykjavik"]
[Date "1999.03.05"]
[Round "?"]
[White "Bosboom, Manuel"]
[Black "Petursson, Margeir"]
[Result "0-1"]
[WhiteElo "2471"]
[BlackElo "2535"]

1.d4 Nf6 2.c4 e6 3.Nf3 Bb4+ 4.Bd2 c5 5.Bxb4 cxb4 6.g3 O-O 7.Bg2 d6 8.O-O Nc6
9.Nbd2 Re8 10.Qc2 Bd7 11.e3 Rc8 12.b3 b6 13.Qb2 a5 14.Ne1 e5 15.Nc2 Bf5 16.e4 Bg6
17.Rae1 Nd7 18.f4 f6 19.Bh3 Qc7 20.d5 Nd8 21.Bxd7 Qxd7 22.f5 Bf7 23.g4 g5
24.fxg6 Qxg4+ 25.Kh1 Bxg6 26.Ne3 Qh4 27.Ng2 Qh6 28.Rxf6 Nb7 29.Ref1 Rf8 30.Kg1 Rxf6
31.Rxf6 Qg5 32.Rf3 Nc5 33.Rg3 Qh5 34.Qc1 Qe2 35.Nh4 Rf8 36.Nxg6 hxg6 37.Rxg6+ Kh7
38.Rg2 Qe3+ 39.Kh1 Nd3 40.Qd1 Nf2+ 41.Rxf2 Rxf2  0-1

[Event "BL2-S9899"]
[Site "Germany"]
[Date "1999.03.07"]
[Round "7.2"]
[White "Panzalovic, Srdjan"]
[Black "Holzhaeuer, Mathias"]
[Result "1-0"]
[WhiteElo "2435"]
[BlackElo "2330"]

1.Nf3 Nf6 2.d4 e6 3.c4 Bb4+ 4.Bd2 Qe7 5.g3 Nc6 6.Bg2 Bxd2+ 7.Nbxd2 a5 8.O-O d6
9.e4 e5 10.d5 Nb8 11.c5 O-O 12.cxd6 cxd6 13.Ne1 Na6 14.Nd3 Bd7 15.Qb3 b5
16.Rfc1 Rfb8 17.Qd1 Be8 18.b3 Nd7 19.a3 Nac5 20.Nb2 b4 21.a4 Nb6 22.Qe2 Bd7
23.Nd3 Nxd3 24.Qxd3 Bc8 25.Qe3 Nd7 26.Nc4 Bb7 27.Ra2 g6 28.Rac2 Kg7 29.Bh3 Ra6
30.Nxa5 Rxa5 31.Rc7 f5 32.exf5 Bxd5 33.Rxd7  1-0

[Event "Bucharest TIT (Women)"]
[Site "Bucharest"]
[Date "1999.03.09"]
[Round "6"]
[White "Barasiant, Mariana"]
[Black "Vasiesiu, Cristina"]
[Result "0-1"]
[WhiteElo "2057"]
[BlackElo "2180"]

1.d4 Nf6 2.Nf3 e6 3.c4 Bb4+ 4.Bd2 c5 5.a3 Bxd2+ 6.Qxd2 cxd4 7.Nxd4 a6 8.Nc3 d5
9.e3 O-O 10.Be2 dxc4 11.Bxc4 e5 12.Nf3 Qc7 13.Qe2 Bg4 14.Nd5 Nxd5 15.Bxd5 Nd7
16.O-O Nb6 17.e4 Nxd5 18.exd5 Rfe8 19.Qe3 Rad8 20.Qb3 Qd7 21.Rac1 Qxd5 22.Qxd5 Rxd5
23.Rc4 e4 24.Re1 Kf8 25.h3 Bd7 26.Nh2 Bc6 27.Nf1 Rb5 28.b4 Rd8 29.Ng3 Rd3  0-1

[Event "Alushta"]
[Site "Alushta"]
[Date "1999.03.10"]
[Round "8"]
[White "Khomyakov, Vladimir"]
[Black "Korotylev, Alexey"]
[Result "0-1"]
[WhiteElo "2380"]
[BlackElo "2440"]

1.d4 Nf6 2.c4 e6 3.Nf3 Bb4+ 4.Bd2 Qe7 5.g3 Nc6 6.Bg2 Bxd2+ 7.Nbxd2 d6 8.O-O O-O
9.e4 e5 10.d5 Nb8 11.b4 a5 12.a3 Na6 13.Ne1 Bg4 14.f3 Bd7 15.Nd3 c6 16.bxa5 Qd8
17.Nb3 cxd5 18.cxd5 Bb5 19.Rf2 Nd7 20.Nb2 Nac5 21.a4 Ba6 22.Bh3 g6 23.Ra3 f5
24.exf5 gxf5 25.Qd2 Rc8 26.Bf1 Kh8 27.Bb5 Nf6 28.Nc1 f4 29.Ne2 Nce4 30.fxe4 Nxe4
31.Qe1 Nxf2 32.Qxf2 fxg3 33.Qe1 gxh2+ 34.Kxh2 Rc2 35.Nd1 Qg5 36.Re3 Bxb5
37.axb5 Rg8 38.Rg3 Rxe2+  0-1

[Event "Alushta"]
[Site "Alushta"]
[Date "1999.03.13"]
[Round "11"]
[White "Nosenko, Alexander"]
[Black "Kuzmin, Gennadi P"]
[Result "1/2-1/2"]
[WhiteElo "2433"]
[BlackElo "2546"]

1.d4 Nf6 2.Nf3 e6 3.c4 Bb4+ 4.Bd2 Bxd2+ 5.Qxd2 d6 6.Nc3 O-O 7.g3 Qe7 8.Bg2 e5
9.e3 Nbd7 10.O-O c6  1/2-1/2

[Event "Lugano op"]
[Site "Lugano"]
[Date "1999.03.16"]
[Round "7"]
[White "Maric, Alisa"]
[Black "Varga, Peter"]
[Result "1/2-1/2"]
[WhiteElo "2481"]
[BlackElo "2448"]

1.d4 Nf6 2.Nf3 e6 3.c4 Bb4+ 4.Bd2 Qe7 5.g3 Nc6 6.Nc3 Bxc3 7.Bxc3 Ne4 8.Rc1 d6
9.Bg2 O-O 10.O-O Nxc3 11.Rxc3 e5 12.d5 Nd8 13.c5 dxc5 14.Qc2 e4 15.Nd2 f5
16.f3 exf3 17.Bxf3 c6 18.Rxc5 Bd7 19.Rc3 Kh8 20.e4 f4  1/2-1/2

[Event "Spring Festival 15th"]
[Site "Budapest"]
[Date "1999.03.17"]
[Round "1"]
[White "Chetverik, Maxim"]
[Black "Nagy, Marton"]
[Result "1-0"]
[WhiteElo "2269"]
[BlackElo "2070"]

1.d4 Nf6 2.c4 e6 3.Nf3 Bb4+ 4.Bd2 Be7 5.g3 b6 6.Bg2 Bb7 7.Nc3 O-O 8.O-O c5
9.d5 Qc8 10.e4 exd5 11.cxd5 d6 12.Nh4 g6 13.f4 Nbd7 14.Re1 Nh5 15.Nf5 Re8
16.e5 dxe5 17.Nh6+ Kf8 18.fxe5 Qd8 19.d6 Bxg2 20.Qb3 Kg7 21.Qxf7+ Kh8 22.Qe6 Qc8
23.Nf7+ Kg8 24.dxe7  1-0

[Event "Swidnica"]
[Site "Swidnica"]
[Date "1999.03.25"]
[Round "2"]
[White "Sosnicki, Michal"]
[Black "Macieja, Bartlomiej"]
[Result "1/2-1/2"]
[WhiteElo "2286"]
[BlackElo "2553"]

1.d4 Nf6 2.c4 e6 3.Nf3 Bb4+ 4.Bd2 Qe7 5.g3 Nc6 6.Nc3 Bxc3 7.Bxc3 Ne4 8.Rc1 O-O
9.Bg2 d6 10.O-O Nxc3 11.Rxc3 e5 12.d5 Nd8 13.c5 dxc5 14.Qc1 e4 15.Nd2 f5
16.Rxc5 c6 17.f3 exf3 18.Bxf3 Bd7 19.Rc3 Kh8 20.e4 fxe4 21.Bxe4 Rxf1+ 22.Qxf1 cxd5  1/2-1/2

[Event "Amber Rapidplay"]
[Site "Monte Carlo"]
[Date "1999.03.26"]
[Round "9"]
[White "Piket, Jeroen"]
[Black "Anand, Viswanathan"]
[Result "1/2-1/2"]
[WhiteElo "2619"]
[BlackElo "2781"]

1.d4 Nf6 2.c4 e6 3.Nf3 Bb4+ 4.Bd2 a5 5.Nc3 b6 6.e3 Bb7 7.Bd3 O-O 8.O-O d5
9.cxd5 exd5 10.Ne5 Nbd7 11.f4 Bxc3 12.Bxc3 Ba6 13.Bxa6 Rxa6 14.Qd3 Ra8 15.Nc6 Qe8
16.b4 Ne4 17.Rfc1 Nb8 18.Nxb8 Qxb8 19.bxa5 bxa5 20.Rab1 Qc8 21.Be1 Re8 22.h3 a4
23.Rc6 Nd6 24.Rbc1 Nc4 25.e4 Rxe4  1/2-1/2

[Event "Swidnica"]
[Site "Swidnica"]
[Date "1999.03.27"]
[Round "4"]
[White "Kuzmin, Gennadi P"]
[Black "Macieja, Bartlomiej"]
[Result "1/2-1/2"]
[WhiteElo "2546"]
[BlackElo "2553"]

1.d4 Nf6 2.c4 e6 3.Nf3 Bb4+ 4.Bd2 Qe7 5.g3 Nc6 6.Nc3 Bxc3 7.Bxc3 Ne4 8.Rc1 O-O
9.Bg2 d6 10.O-O Nxc3 11.Rxc3 e5 12.d5 Nd8 13.Nd2 b6 14.f4 f6 15.fxe5 fxe5
16.Rxf8+ Qxf8 17.Ne4 a5 18.Ra3 Bg4 19.h3 Bh5 20.Qd2 Rc8 21.g4 Bg6 22.h4 Qe7
23.g5 Bxe4 24.Bxe4 Nb7 25.Qc2 g6 26.Rf3 Rf8 27.Bxg6 Rxf3 28.exf3 hxg6  1/2-1/2

[Event "Czerniak mem 15th"]
[Site "Tel Aviv"]
[Date "1999.03.29"]
[Round "2"]
[White "Bykhovsky, Avigdor"]
[Black "Botvinnik, Mikhail2"]
[Result "1/2-1/2"]
[WhiteElo "2453"]
[BlackElo "2239"]

1.d4 Nf6 2.c4 e6 3.Nf3 Bb4+ 4.Bd2 Qe7 5.Nc3 b6 6.g3 Bb7 7.Bg2 Bxc3 8.Bxc3 Ne4
9.Rc1 O-O 10.O-O f5 11.Be1 Nf6 12.b4 d6 13.Qb3 Nbd7 14.b5 a5 15.Nd2 Bxg2
16.Kxg2 Kh8 17.Nf3 e5 18.dxe5 Nxe5 19.Bc3  1/2-1/2

[Event "Julian Borowski GM"]
[Site "Essen"]
[Date "1999.03.30"]
[Round "4"]
[White "Fridman, Daniel"]
[Black "Podzielny, Karl Heinz"]
[Result "1/2-1/2"]
[WhiteElo "2529"]
[BlackElo "2499"]

1.d4 Nf6 2.Nf3 e6 3.c4 Bb4+ 4.Bd2 a5 5.g3 d6 6.Bg2 Nbd7 7.O-O e5 8.Be3 O-O
9.a3 exd4 10.Bxd4 Bc5 11.b3 Re8 12.Nc3 c6 13.e3 Bxd4 14.Nxd4 Nb6 15.Qd3 Qe7
16.h3 a4 17.Nxa4 Nxa4 18.bxa4 Rxa4 19.Rfd1 g6 20.Qc2 Ra6 21.a4 Qe5 22.Qd3 Ne4
23.Bxe4 Qxe4 24.Qxe4 Rxe4 25.Kg2 Kf8 26.Rdc1 Re5 27.Nb3 Rb6 28.Rc3 c5 29.a5 Rb4
30.Nc1 Re4 31.Ne2 Rexc4 32.Rd1 Rxc3 33.Nxc3 Bd7 34.Rxd6 Bc6+ 35.e4 Ke7 36.Rd2 Bxe4+
37.Nxe4 Rxe4 38.Kf3 Rb4 39.Ra2 h5 40.a6 bxa6 41.Rxa6 Rb3+ 42.Kf4 h4 43.Rc6 Rc3
44.gxh4 c4 45.Ke5 Rc2 46.f3 c3 47.Kd4 Rh2 48.Rxc3 Rxh3 49.Ke3 Rxh4 50.Kf2 Rh2+
51.Kg3 Re2 52.Ra3 Kf6 53.Ra7 Re7 54.Ra4 Rb7 55.Kg4 Rb1 56.Ra6+ Kg7 57.Kg3 Rb4
58.Rc6 g5 59.Rc5 Kg6 60.Rc6+ f6 61.Ra6 Rd4 62.Rb6 Rd5 63.Kg4 Rd1 64.Kg3 Kf5
65.Rb5+ Ke6 66.Rb6+ Ke5 67.Rb5+ Rd5 68.Rxd5+ Kxd5 69.f4  1/2-1/2

[Event "Mar del Plata op 30th"]
[Site "Mar del Plata"]
[Date "1999.04.01"]
[Round "6"]
[White "Soppe, Guillermo"]
[Black "Sola, Ruben"]
[Result "1-0"]
[WhiteElo "2448"]
[BlackElo "2265"]

1.Nf3 Nf6 2.d4 e6 3.c4 Bb4+ 4.Bd2 Qe7 5.g3 Nc6 6.Nc3 Bxc3 7.Bxc3 Ne4 8.Rc1 O-O
9.Bg2 d6 10.O-O Nxc3 11.Rxc3 e5 12.d5 Nb8 13.b4 a5 14.Ra3 Bg4 15.Nd2 Na6
16.bxa5 f5 17.Nb3 f4 18.Qd2 Rf6 19.Nc1 Raf8 20.Nd3 Bc8 21.Rc3 g5 22.Be4 Rh6
23.f3 fxg3 24.hxg3 Rh3 25.Kg2 Qf6 26.Rcc1 Qh6 27.Rh1 Rf7 28.g4 Rxh1 29.Rxh1 Qf6
30.Qe3 h6 31.c5 Nxc5 32.Nxc5 dxc5 33.Qxc5 Kg7 34.Qe3 Qd6 35.Rc1 Re7 36.Qc5 Qxc5
37.Rxc5 Kf6 38.d6 Rg7 39.Rxc7  1-0

[Event "Julian Borowski GM"]
[Site "Essen"]
[Date "1999.04.02"]
[Round "6"]
[White "Dautov, Rustem"]
[Black "Podzielny, Karl Heinz"]
[Result "1-0"]
[WhiteElo "2598"]
[BlackElo "2499"]

1.d4 Nf6 2.Nf3 e6 3.c4 Bb4+ 4.Bd2 a5 5.g3 d6 6.Bg2 Nbd7 7.O-O e5 8.Nc3 exd4
9.Nxd4 O-O 10.Qc2 Re8 11.Rad1 Nc5 12.Bf4 a4 13.Ndb5 Be6 14.b3 h6 15.Qb2 Bd7
16.Be3 axb3 17.axb3 Bxb5 18.Nxb5 Rxe3 19.fxe3 Qe7 20.Nd4 Qxe3+ 21.Kh1 Nce4
22.Nf5 Qg5 23.Bxe4 Nxe4 24.Rf4 Re8 25.Rdf1 Nd2 26.R1f2 Ne4 27.R2f3 Nc5 28.Ne3 Nd7
29.Nd5 Bc5 30.Nxc7 Rf8 31.Rf5 Qe7 32.Nd5 Qe4 33.Rf4 Qe6 34.b4 Ba7 35.Qa1 Bb8
36.Re3 Ne5 37.Qd4 Rc8 38.Nb6 Ba7 39.c5 Bxb6 40.cxb6 Rc1+ 41.Kg2 Rc6 42.Rc3 Qc8
43.Rxc6 Qxc6+ 44.Kg1 Nd7 45.Rf3 Ne5 46.Rc3 Qb5 47.Rc8+ Kh7 48.Kf1 f5 49.Rc7 h5
50.Qh4  1-0

[Event "Dreifluesse op 7th"]
[Site "Passau"]
[Date "1999.04.02"]
[Round "2"]
[White "Reich, Thomas"]
[Black "Ebner, Josef"]
[Result "1-0"]
[WhiteElo "2389"]
[BlackElo "2105"]

1.d4 Nf6 2.c4 e6 3.Nf3 Bb4+ 4.Bd2 Qe7 5.g3 Nc6 6.Bg2 Bxd2+ 7.Qxd2 d6 8.Nc3 O-O
9.O-O e5 10.d5 Nb8 11.e4 a5 12.Ne1 Nbd7 13.Na4 Ne8 14.Nd3 c6 15.f4 cxd5 16.cxd5 b5
17.Nc3 b4 18.Nd1 Ba6 19.Ne3 Nc5 20.Nxc5 Bxf1 21.Rxf1 dxc5 22.fxe5 Qxe5 23.Nc4 Qd4+
24.Qxd4 cxd4 25.d6 Rd8 26.e5 g6 27.Nxa5 Ng7 28.Nc6 Rd7 29.Nxd4 Ne6 30.Bh3 Re8
31.Bxe6 fxe6 32.Rf6 Rf7 33.Rxf7 Kxf7 34.Nc6  1-0

[Event "Doeberl Cup op"]
[Site "Canberra"]
[Date "1999.04.03"]
[Round "3"]
[White "Sandler, Leonid"]
[Black "Martin, Benjamin"]
[Result "1/2-1/2"]
[WhiteElo "2351"]
[BlackElo "2375"]

1.Nf3 Nf6 2.c4 e6 3.d4 Bb4+ 4.Bd2 Qe7 5.g3 Nc6 6.Bg2 Bxd2+ 7.Nbxd2 d6 8.O-O O-O
9.e4 e5 10.d5 Nb8 11.Ne1 c6 12.Nd3 Na6 13.b4 Bg4 14.f3 Bd7 15.a4 cxd5 16.cxd5 Rfc8
17.Qb3 Qd8 18.Nc4 b5 19.axb5 Bxb5 20.Rfc1 Rab8 21.Kh1 Rc7 22.Bh3 h5 23.Rc3 h4
24.gxh4 Nh5 25.Bg4 Nf6 26.Bh3 Nh5 27.Bg4 Nf6 28.Bh3 Nh5  1/2-1/2

[Event "Foxwoods op"]
[Site "Mashantucket"]
[Date "1999.04.04"]
[Round "7"]
[White "Novikov, Igor A"]
[Black "Burnett, Ronald"]
[Result "1-0"]
[WhiteElo "2601"]
[BlackElo "2420"]

1.d4 Nf6 2.c4 e6 3.Nf3 Bb4+ 4.Bd2 Qe7 5.g3 O-O 6.Bg2 Bxd2+ 7.Qxd2 Ne4 8.Qc2 Qb4+
9.Nbd2 Nxd2 10.Nxd2 Nc6 11.e3 e5 12.d5 Nb8 13.O-O Qe7 14.c5 Na6 15.Rfc1 d6
16.c6 bxc6 17.Qxc6 Rb8 18.Qc3 Rb5 19.a3 Rc5 20.Nc4 c6 21.b4 Rxd5 22.Bxd5 cxd5
23.Nxd6 Bh3 24.Qc6 Rd8 25.Nb7 Rb8 26.b5 Rxb7 27.bxa6 Rd7 28.Qc8+ Qf8 29.Rab1 h5
30.Rb7  1-0

[Event "Budapest FS04 IM-B"]
[Site "Budapest"]
[Date "1999.04.05"]
[Round "3"]
[White "Cooke, Eric"]
[Black "Bodrogi, Mihaly"]
[Result "1-0"]
[WhiteElo "2169"]
[BlackElo "2177"]

1.d4 Nf6 2.c4 e6 3.Nf3 Bb4+ 4.Bd2 Qe7 5.Qc2 Nc6 6.a3 Bxd2+ 7.Nbxd2 d6 8.e3 e5
9.d5 Nd8 10.b4 a5 11.Qb2 O-O 12.Be2 Ng4 13.h3 Nh6 14.O-O f5 15.c5 f4 16.cxd6 cxd6
17.exf4 Rxf4 18.Nc4 axb4 19.Nb6 Rb8 20.Nxc8 Rxc8 21.axb4 Rf8 22.Rfc1 Ndf7
23.b5 Ng5 24.Rxc8 Nxf3+ 25.Bxf3 Rxc8 26.Rc1 Rxc1+ 27.Qxc1 Qd8 28.b6 Qxb6
29.Qc8+ Kf7 30.Qd7+ Kf8 31.Bh5 g6 32.Qxh7 gxh5 33.Qxh6+ Ke7 34.Qxh5 Qc5 35.Qg5+ Kf7
36.Qf5+ Kg7 37.Qd7+ Kg6 38.Qe6+ Kg7 39.g4 b5 40.h4 Qc1+ 41.Kg2 Qf4 42.h5 e4
43.Qg6+ Kh8 44.h6 Qe5 45.Qe6 Qf4 46.Qg6 Qe5 47.Qf7 Qg5 48.Qe6 Qf4 49.Qd7 Qf6
50.Qe8+ Kh7 51.Qxe4+ Kxh6 52.f4 Kg7 53.Kg3 Qf7 54.g5 b4 55.Qxb4 Qxd5 56.Qc3+ Kg8
57.Qc2 Qf7 58.Kg4 Qd7+ 59.f5 Qf7 60.Qe2 d5 61.Qe6  1-0

[Event "Capablanca mem Premier I"]
[Site "Havana"]
[Date "1999.05.12"]
[Round "5"]
[White "Matamoros Franco, Carlos S"]
[Black "Hernandez, Roman"]
[Result "0-1"]
[WhiteElo "2458"]
[BlackElo "2419"]

1.d4 Nf6 2.c4 e6 3.Nf3 Bb4+ 4.Bd2 Qe7 5.g3 O-O 6.Bg2 Bxd2+ 7.Qxd2 d6 8.Nc3 Re8
9.O-O e5 10.e4 Bg4 11.Ne1 Nc6 12.h3 Bd7 13.Nb5 Rec8 14.d5 Nd8 15.Nc3 g6 16.Nd3 Nh5
17.g4 Ng7 18.f4 f6 19.g5 exf4 20.gxf6 Qxf6 21.Nxf4 Nf7 22.Nh5 Qe7 23.Nf6+ Kh8
24.Rf2 Ne5 25.b3 Nh5 26.Nxh5 gxh5 27.Qh6 Rg8 28.Qxh5 Rg5 29.Qh6 Rag8 30.Kh1 Nd3
31.Rd2 R8g6 32.Qh4 Qe5 33.Rf1 Qxc3 34.Rf8+ Kg7 35.Rxd3 Qxd3 36.Qf2 Qb1+  0-1

[Event "NOR-chT"]
[Site "Langesund"]
[Date "1999.05.12"]
[Round "1"]
[White "Madsen, Dag"]
[Black "Fyllingen, Roy Harald"]
[Result "0-1"]
[WhiteElo "2281"]
[BlackElo "2429"]

1.d4 Nf6 2.c4 e6 3.Nf3 Bb4+ 4.Bd2 a5 5.g3 b6 6.Bg2 Ba6 7.b3 O-O 8.O-O d5
9.Bf4 a4 10.cxd5 Nxd5 11.Bg5 Qe8 12.a3 axb3 13.axb4 Bxe2 14.Qxe2 Rxa1 15.Qb2 Qa4
16.Nfd2 Nc6 17.Bxd5 exd5 18.Qxb3 Nxd4 19.Qxa4 Rxa4 20.Nc3 Rxb4 21.Be7 Rb2
22.Ndb1 Re8 23.Ba3 Rb3 24.Nxd5 Nf3+ 25.Kh1 Re1  0-1

[Event "Lausanne YM qf"]
[Site "Lausanne"]
[Date "1999.05.14"]
[Round "1"]
[White "Bunzmann, Dimitrij"]
[Black "Pelletier, Yannick"]
[Result "0-1"]
[WhiteElo "2555"]
[BlackElo "2483"]

1.d4 Nf6 2.c4 e6 3.Nf3 Bb4+ 4.Bd2 a5 5.g3 d5 6.Bg2 dxc4 7.Qc2 Bxd2+ 8.Nbxd2 b5
9.a4 c6 10.Ne5 Nd5 11.O-O O-O 12.e4 Nb4 13.Qc3 Nd7 14.Nxd7 Qxd7 15.b3 Rd8
16.axb5 cxb5 17.bxc4 Qxd4 18.Qxd4 Rxd4 19.Nb3 Rxc4 20.Rfd1 g6 21.Bf1 Rc3
22.Rxa5 Rxa5 23.Nxa5 Ba6 24.Rd4 Ra3 25.Rxb4 Rxa5 26.Rd4 Bb7 27.f3 Kg7 28.Rd6 Ra6
29.Rxa6 Bxa6 30.Kf2 e5 31.Ke3 Kf8 32.h4 h6 33.Bd3 Ke7 34.Bb1 f6 35.f4 Kd6
36.Ba2 Kc5 37.Bf7 g5 38.Kf3 b4 39.Bb3 Bc4 40.Bc2 b3 41.Bxb3 Bxb3 42.fxe5 fxe5
43.hxg5 hxg5 44.Kg4 Kd4  0-1

[Event "Zalakaros Kupa 18th"]
[Site "Zalakaros"]
[Date "1999.05.18"]
[Round "7"]
[White "Horvath, Csaba"]
[Black "Foldi, Istvan"]
[Result "1-0"]
[WhiteElo "2524"]
[BlackElo "2391"]

1.d4 Nf6 2.c4 e6 3.Nf3 Bb4+ 4.Bd2 Qe7 5.g3 b6 6.Bg2 Bb7 7.O-O Bxd2 8.Qxd2 O-O
9.Nc3 Na6 10.Rac1 c5 11.d5 exd5 12.cxd5 d6 13.Nh4 g6 14.e4 c4 15.e5 Ne8 16.e6 fxe6
17.dxe6 Bxg2 18.Nxg2 Qxe6 19.Nd5 Rf5 20.Nge3 Re5 21.f4 Re4 22.f5 gxf5 23.Nxf5 Kh8
24.Nh6 Nec7 25.Nxc7 Nxc7 26.Nf7+ Kg8 27.Ng5 Re2 28.Nxe6 Rxd2 29.Nxc7 Rc8
30.Rxc4 d5 31.Rg4+ Kh8 32.Rf7  1-0

[Event "Capablanca mem Premier I"]
[Site "Havana"]
[Date "1999.05.20"]
[Round "12"]
[White "Podgaets, Mikhail"]
[Black "Hernandez, Roman"]
[Result "1/2-1/2"]
[WhiteElo "2484"]
[BlackElo "2419"]

1.d4 Nf6 2.c4 e6 3.Nf3 Bb4+ 4.Bd2 Qe7 5.g3 Nc6 6.Nc3 d5 7.Bg2 dxc4 8.a3 Bxc3
9.Bxc3 Nd5 10.Qa4 Nb6 11.Qc2 O-O 12.O-O Rd8 13.e4 f6 14.Rfe1 Qf7 15.Rad1 Bd7
16.Qe2 Ne7 17.h3 Ba4 18.Rd2 Bb5  1/2-1/2

[Event "CRO-Cup"]
[Site "Pula"]
[Date "1999.05.25"]
[Round "2"]
[White "Horvath, Csaba"]
[Black "Cebalo, Miso"]
[Result "1/2-1/2"]
[WhiteElo "2524"]
[BlackElo "2511"]

1.d4 Nf6 2.c4 e6 3.Nf3 Bb4+ 4.Bd2 Qe7 5.g3 Nc6 6.Nc3 Bxc3 7.Bxc3 Ne4 8.Qc2 f5
9.Bg2 O-O 10.O-O d6 11.d5 Nd8 12.Nd2 Nxc3 13.Qxc3 e5 14.c5 f4  1/2-1/2

[Event "Budapest FS06 IM"]
[Site "Budapest"]
[Date "1999.06.06"]
[Round "2"]
[White "Khechumyan, Gagik"]
[Black "Magyar, Otto"]
[Result "1/2-1/2"]
[WhiteElo "2372"]
[BlackElo "2300"]

1.d4 Nf6 2.Nf3 e6 3.c4 Bb4+ 4.Bd2 Qe7 5.Nc3 Bxc3 6.Bxc3 Ne4 7.Rc1 O-O 8.d5 Nxc3
9.Rxc3 d6 10.Nd2 e5 11.e4 f5 12.Be2 Na6 13.O-O Nc5 14.exf5 Bxf5 15.b4 Nd7
16.Nb3 b6 17.c5 Nf6 18.Bf3 Qf7 19.cxd6 cxd6 20.Rc6 Rad8 21.Qd2 Be4 22.Bxe4 Nxe4
23.Qd3 Nf6 24.Rd1 Nh5 25.f3 Nf4 26.Qe4 Rd7 27.Nc1 Qg6 28.Qxg6 Nxg6 29.Ne2 Ne7
30.Nc3 Rc8 31.Rxc8+ Nxc8 32.Nb5 Ne7 33.Rd3 Kf7 34.Kf2 Ke8 35.Ke2 a6 36.Nc3 Rc7
37.Kd2 Kd7 38.a3 b5 39.Re3 Nc8 40.Re4 Nb6 41.Rg4 Ke8 42.Ne4 Rd7 43.Ng5 h6
44.Ne6 g5 45.h4 Nxd5 46.hxg5 h5 47.Rg3 h4 48.Rg4 Kf7 49.g6+ Kxe6 50.g7 Nf6
51.g8=Q+ Nxg8 52.Rxg8 Kd5 53.Kd3 Rh7 54.Ke3 h3 55.gxh3 Rxh3 56.Rg1 Rh4 57.Rg8 Rc4
58.Kd3 Rd4+ 59.Ke2 Kc6 60.Ra8 Kb7 61.Rd8 a5 62.bxa5 Kc7 63.Ra8 Ra4 64.a6 Kb6
65.Rd8 Kc5 66.Rc8+ Kd4 67.Rb8 Rxa3 68.Rxb5 Ra2+ 69.Ke1 Rxa6 70.Rb3 Ra2 71.Rb4+ Kc3
72.Re4 Kd3 73.Kf1 Rh2 74.Ke1 Rh5 75.Kf2 d5 76.Re3+ Kd4 77.Ra3 Rh2+ 78.Kg3 Rc2
79.Ra4+ Rc4 80.Ra3 Rc3 81.Ra4+ Kc5 82.Kf2 d4 83.Ra5+ Kd6 84.Rb5 Ke6 85.Ra5 Kf5
86.Kg3 Re3 87.Rb5 Re2 88.Rd5 Ke6 89.Rd8 Rc2 90.f4 Rc3+ 91.Kg4 Re3 92.fxe5 Kxe5
93.Re8+ Kd5 94.Rxe3  1/2-1/2

[Event "Guillermo Garcia mem-B"]
[Site "Santa Clara"]
[Date "1999.06.07"]
[Round "13"]
[White "Hernandez, Roman"]
[Black "Hernando Rodrigo, Jose Maria"]
[Result "1/2-1/2"]
[WhiteElo "2419"]
[BlackElo "2363"]

1.d4 Nf6 2.Nf3 e6 3.c4 Bb4+ 4.Bd2 Qe7 5.g3 Nc6 6.Bg2 O-O 7.O-O Bxd2 8.Nbxd2 d6
9.e3 a5 10.Rc1 e5  1/2-1/2

[Event "Budapest FS06 IM"]
[Site "Budapest"]
[Date "1999.06.10"]
[Round "6"]
[White "Eperjesi, Laszlo"]
[Black "Magyar, Otto"]
[Result "1/2-1/2"]
[WhiteElo "2329"]
[BlackElo "2300"]

1.d4 Nf6 2.Nf3 e6 3.c4 Bb4+ 4.Bd2 Qe7 5.g3 Nc6 6.Nc3 O-O 7.Bg2 d5 8.cxd5 exd5
9.O-O Bxc3 10.Bxc3 Ne4 11.Rc1 Rd8 12.Bd2 Nxd2 13.Qxd2 Nb8 14.Ne5 c6 15.Rc3 Nd7
16.Nxd7 Bxd7 17.Rfc1 Re8 18.Re3 Qd6  1/2-1/2

[Event "Salongernas Elo"]
[Site "Stockholm"]
[Date "1999.06.11"]
[Round "7"]
[White "Livner, Anders"]
[Black "Lappalainen, Tommy"]
[Result "1-0"]
[WhiteElo "2169"]
[BlackElo "2315"]

1.d4 Nf6 2.Nf3 e6 3.c4 Bb4+ 4.Bd2 Qe7 5.g3 b6 6.Bg2 Bb7 7.O-O Bxd2 8.Qxd2 O-O
9.Nc3 Ne4 10.Nxe4 Bxe4 11.Qf4 d5 12.cxd5 Bxd5 13.Rac1 Na6 14.a3 c5 15.dxc5 Nxc5
16.b4 Na6 17.Ne5 Bxg2 18.Kxg2 Qb7+ 19.Qf3 Qxf3+ 20.Kxf3 Rfd8 21.Nc6 Rd2 22.Nxa7 Ra2
23.Nb5 Kf8 24.Rfd1 Ke7 25.Rc6 Rd8 26.Rxd8 Kxd8 27.Rxb6 Nc7 28.Rb8+ Kd7 29.Rb7 Kc6
30.Rxc7+ Kxb5 31.Rxf7 Rxa3+ 32.e3 Kxb4 33.Rxg7 h5 34.Rg5 h4 35.Rg4+  1-0

[Event "Petrosian mem"]
[Site "Moscow"]
[Date "1999.06.18"]
[Round "1"]
[White "Smyslov, Vassily"]
[Black "Ivkov, Borislav"]
[Result "1/2-1/2"]
[WhiteElo "2485"]
[BlackElo "2444"]

1.d4 Nf6 2.Nf3 e6 3.c4 Bb4+ 4.Bd2 Qe7 5.g3 Bxd2+ 6.Qxd2 d6 7.Nc3 O-O 8.Bg2 e5
9.O-O Re8 10.e4 Bg4 11.dxe5 dxe5 12.Nd5 Qd8 13.Qg5 Bxf3 14.Bxf3 Nc6  1/2-1/2

[Event "Swidnica op"]
[Site "Swidnica"]
[Date "1999.06.28"]
[Round "1"]
[White "Grabarczyk, Miroslaw"]
[Black "Fiodorov, Mikhail"]
[Result "1-0"]
[WhiteElo "2462"]
[BlackElo "2252"]

1.d4 Nf6 2.c4 e6 3.Nf3 Bb4+ 4.Bd2 a5 5.g3 d5 6.Qc2 c6 7.Bg2 b6 8.O-O Ba6
9.Bxb4 axb4 10.Nbd2 O-O 11.a3 bxa3 12.Rxa3 Nbd7 13.Rfa1 Bb7 14.Rxa8 Bxa8
15.b4 Qe7 16.c5 bxc5 17.bxc5 e5 18.e3 e4 19.Ne1 h5 20.Ra7 Rb8 21.Qa4 Qd8
22.Nc2 Bb7 23.Nb4 Ra8 24.Nb3 Rxa7 25.Qxa7 Qa8 26.Qxa8+ Bxa8 27.f3 exf3 28.Bxf3 Kf8
29.Na5 Nb8 30.Bd1 Ke7 31.Ba4 Ng4 32.e4 dxe4 33.Nbxc6+ Nxc6 34.Nxc6+ Bxc6
35.Bxc6 f5 36.h4 Ne3 37.Kf2 Nc2 38.d5 Nb4 39.d6+ Ke6 40.Bb5 Nc2 41.Ba4 Nb4
42.Ke3 Nd5+ 43.Kd4 Nf6 44.Bb5 g6 45.Ba4 Ng4 46.Bb3+ Kd7 47.Bc4 Nf6 48.Bf7 Kc6
49.Bb3 Kd7 50.Ba4+ Ke6 51.Bb5 Ng4 52.d7 Ke7 53.c6 Kd8 54.Kc5  1-0